The Impact of Chinese Investments in Hungary on the Sustainability of Global Value Chains Challenges and Future Opportunities

Bibliographic Details
Main Author: Li Xiang
Format: Book part
Published: Budapesti Gazdaságtudományi Egyetem Budapest 2026
Series:Futures in the making - Developing and adapting futures in business – BUEB Day of Hungarian Science 2024
Subjects:
doi:10.29180/978-615-6886-25-5_4

Kulcsszavak:Chinese Investment
Hungarian Economy
Global Value Chain (GVC) Sustainability
Belt and Road Initiative (BRI)
Foreign Direct Investment (FDI)
Industrial Upgrading
Online Access:http://publikaciotar.uni-bge.hu/2620

MARC

LEADER 00000naa a2200000 i 4500
001 publ2620
005 20260313114543.0
008 260313s2026 hu o 000 zxx d
020 |a 978-615-6886-25-5 
024 |a 10.29180/978-615-6886-25-5_4  |2 doi 
040 |a BGE Publikációtár Repozitórium  |b hun 
100 1 |a Li Xiang 
245 1 4 |a The Impact of Chinese Investments in Hungary on the Sustainability of Global Value Chains  |b Challenges and Future Opportunities  |c Li Xiang  |h [elektronikus dokumentum] 
260 |a Budapesti Gazdaságtudományi Egyetem  |b Budapest  |c 2026 
300 |a 1-11 
490 0 |a Futures in the making - Developing and adapting futures in business – BUEB Day of Hungarian Science 2024 
650 4 |a közgazdaságtudományok 
695 |a Chinese Investment 
695 |a Hungarian Economy 
695 |a Global Value Chain (GVC) Sustainability 
695 |a Belt and Road Initiative (BRI) 
695 |a Foreign Direct Investment (FDI) 
695 |a Industrial Upgrading 
856 4 0 |u https://publikaciotar.uni-bge.hu/id/eprint/2620/1/MTU%202024%20-%20Full%20edition%20proofread_CorrBM_2026.02.26_4.pdf  |z Dokumentum-elérés